000 00209nam a2200097Ia 4500
008 240331s9999 xx 000 0 und d
082 _bMIL
100 _aMilch, R
245 0 _aGoethe's Faust-parts 1
942 _cL
999 _c3144
_d3144